000 00327nam a22001457a 4500
008 210322b ||||| |||| 00| 0 eng d
020 _a9780787957155
041 _aeng
080 _23rd
_a61
082 _a61
100 _a3
101 _aSHM
245 _aHealth Behavior and Health Education
_cGlanz, K
942 _2udc
_cBK
999 _c56668
_d56668